| 000 | 00530cam a2200205ua 4500 | ||
|---|---|---|---|
| 001 | 1459 | ||
| 005 | 20260515113333.0 | ||
| 008 | 110709n ii |||gr||||Z||||||eng | ||
| 020 | _a019561384-8 | ||
| 040 | _cMAIN | ||
| 082 | _a301 | ||
| 100 | 1 |
_aAbraham, M. Francis, _eAuthor. |
|
| 245 | 1 |
_aModern sociological theory _cby M. Francis Abraham |
|
| 250 | _a15th. | ||
| 260 |
_aNew Delhi: _bOxford University Press, _c2008. |
||
| 300 |
_ax; 310p: _c23cm. |
||
| 653 | _aSociology | ||
| 653 | _aModern sociology theory | ||
| 942 | _cBK | ||
| 999 |
_c1348 _d1348 |
||